Top 50 Most Followed Influencers Across 6 Social Media Platforms - Statistics

General Stats
  • This quiz has been taken 322 times
  • The average score is 14 of 50
Answer Stats
Total Followers Category Influencer % Correct
517M Sports Cristiano Ronaldo
88%
298M Sports Lionel Messi
78%
429M Music Ariana Grande
77%
361M Music Taylor Swift
68%
455M Music Justin Bieber
65%
319M Socialite Kim Kardashian
61%
333M Socialite Kylie Jenner
55%
425M Music Selena Gomez
50%
212M Socialite Kendall Jenner
47%
157M Sports LeBron James
47%
267M Music Beyoncé
44%
192M Music Drake
44%
169M Tiktok Charli D'Amelio
43%
191M Socialite Khloé Kardashian
43%
342M Film & TV Dwayne Johnson
41%
283M Sports Neymar
40%
332M Music Rihanna
40%
165M Socialite Kourtney Kardashian
39%
221M Politics Barack Obama
38%
338M Music Katy Perry
30%
171M Music Billie Eilish
28%
141M Gaming Felix "PewDiePie" Kjellberg
28%
210M Music Lady Gaga
27%
194M Music Eminem
25%
156M Music Adele
21%
232M Music Nicki Minaj
20%
226M Tiktok Khaby Lame
18%
235M Music Miley Cyrus
18%
282M Music Shakira
16%
160M Music Cardi B
15%
277M Music Jennifer Lopez
15%
191M Music Bruno Mars
13%
138M Music Snoop Dogg
13%
201M Film & TV Kevin Hart
12%
217M Film & TV Will Smith
12%
136M Music Shawn Mendes
11%
211M Music Demi Lovato
10%
175M Music Justin Timberlake
10%
137M Music Britney Spears
8%
187M Music Chris Brown
6%
195M Sports Virat Kohli
6%
260M Film & TV Ellen DeGeneres
6%
175M Politics Narendra Modi
4%
144M Film & TV Priyanka Chopra
3%
177M Film & TV Vin Diesel
2%
142M Music Wiz Khalifa
1%
140M Film & TV Akshay Kumar
0%
138M Film & TV Deepika Padukone
0%
143M Gaming Germán Garmendia
0%
135M Music Whindersson Nunes Batista
0%
No matching quizzes found
Score Distribution
Percent of People with Each Score
Percentile by Number Answered
Your Score History
You have not taken this quiz